NBA Players by Last Name - Statistics

General Stats
  • This quiz has been taken 584 times
  • The average score is 13 of 23
Answer Stats
Letter Hint Answer % Correct
E Nicknamed Dr J Erving
90%
A Most points ever scored in a career Abdul-Jabbar
86%
H Former number 13 for Thunder, current number 13 for Rockets Harden
84%
G Has played for Timberwolves, Celtics and Nets, also won MVP Garnett
83%
P Current French Spurs Guard Parker
77%
C Played for Raptors, Nets, Magic, Suns, Mavericks and Grizzlies Carter
76%
N German MVP winner in 21st century Nowitzki
74%
I 2015 finals MVP Iguodala
73%
B 1993 MVP winner Barkley
69%
T Pistons player between 1982-94, 12x all star and hall of famer Thomas
69%
Y Nickname "Swaggy P" Young
64%
J 6 foot 8 point guard Johnson
63%
U Bullets player, hall of famer, 1969 MVP Unseld
60%
O Used to be number 34 , recently inducted into hall of fame O'Neal
58%
D Averaged over 14 rebounds in 2015-16 NBA season Drummond
56%
K Played for Supersonics, Cavs, Blazers and Magic, and 6x All star Kemp
45%
W 12x allstar, recently moved to Chicago Bulls Wade
45%
V 2015-16 raptors centre Valanciunas
44%
F Current number 15 for Jazz Favors
34%
M 1975 MVP McAdoo
29%
L Moved from Hornets to Nets in 2016 offseason Lin
20%
R Warriors, Kings, Wizards and Lakers player Richmond
10%
S Mavericks, Pacers, Supersonics and Blazers ex player. Schrempf
6%
No matching quizzes found
Score Distribution
Percent of People with Each Score
Percentile by Number Answered
Your Score History
You have not taken this quiz